|
|
|
|
| LEADER |
00000nab a2200000 a 4500 |
| 001 |
vtls010568235 |
| 003 |
SK-MaSNL |
| 005 |
20260303162118.0 |
| 008 |
140110 2013 xo e 000 0 slo |
| 038 |
|
|
|a PPPK
|
| 040 |
|
|
|a PPPKCL
|b slo
|c PPPK
|e AACR2
|
| 041 |
0 |
|
|a slo
|
| 044 |
|
|
|a xo
|c SK
|
| 080 |
|
|
|a 641/642
|2 2001
|
| 245 |
0 |
0 |
|a Varil aj pre hollywoodske hviezdy
|c [text] (pet) ; [Foto] rvt
|
| 300 |
|
|
|b Fotogr.
|
| 600 |
1 |
7 |
|a Kocák, Gabriel
|2 pppkcl
|9 1185344
|
| 650 |
0 |
7 |
|a gastronómia
|2 pppkcl
|9 1604
|
| 650 |
0 |
7 |
|a kuchári
|2 pppkcl
|9 58394
|
| 650 |
0 |
7 |
|a osobnosti
|2 pppkcl
|9 29820
|
| 651 |
|
7 |
|a Nový Smokovec (Vysoké Tatry, Slovensko)
|2 SNKPHgeo
|9 160830
|
| 651 |
|
7 |
|a Poprad (Slovensko : okres)
|2 pppkcl
|9 28675
|
| 773 |
0 |
|
|t Tatranský dvojtýždenník
|g Roč. XXIV, č. 24 (2013), s. 8
|
| 852 |
|
|
|a PPPK
|b KIS3GCP
|
| 999 |
|
|
|c 2052268
|d 2054198
|